Multi-platformová mobilná aplikácia umožňujúca zber, spracovanie dát a riadenie IoT zariadení

Uložené v:
Podrobná bibliografia
Hlavný autor: Macho, Tomáš (Autor)
Ďalší autori: Vojs, Marian (Vedúci práce)
Médium: Rukopis Kniha
Jazyk:Slovak
Vydavateľské údaje: 2019
Predmet:
On-line prístup:http://is.stuba.sk/zp/portal_zp.pl?podrobnosti=135194
Tagy: Pridať tag
Žiadne tagy, Buďte prvý, kto otaguje tento záznam!

MARC

LEADER 00000ntm a22000003a 4500
001 stuzp72408
003 SK-STU
005 20230511100130.3
007 ta
008 150427s2015----xo-----f-mn---000-0-slo-d
040 |a STU  |b slo 
041 0 |a slo 
044 |a xo 
100 1 |a Macho, Tomáš  |u 033000  |4 aut  |U FEI Fakulta elektrotechniky a informatiky  |T FEI Ústav elektroniky a fotoniky  |X 86225  |U E030  |Y 549  |7 86225 
242 0 1 |a Multi-platform mobile application for collecting, processing and managing IoT devices  |y eng 
245 1 0 |a Multi-platformová mobilná aplikácia umožňujúca zber, spracovanie dát a riadenie IoT zariadení 
260 |c 2019 
300 |a 50 s.,  |b CD-ROM 
650 4 |a smartČOV  |2 slo 
650 4 |a mobilná aplikácia  |2 slo 
650 4 |a IoT zariadenie  |2 slo 
650 4 |a senzor  |2 slo 
650 4 |a real-time dáta  |2 slo 
650 4 |a mobile application  |2 eng 
650 4 |a smartČOV  |2 eng 
650 4 |a IoT device  |2 eng 
650 4 |a sensor  |2 eng 
650 4 |a real-time data  |2 eng 
700 1 |a Vojs, Marian  |u 033000  |k Z2  |4 ths  |U FEI Fakulta elektrotechniky a informatiky  |T FEI Ústav elektroniky a fotoniky  |X 2979  |U E030  |Y 549  |7 A000002979 
856 4 |u http://is.stuba.sk/zp/portal_zp.pl?podrobnosti=135194 
996 |b 284ER02995  |c E*Bc- 2995  |l EE35  |s P  |a 0  |w stuzp72408_0002